| 000 | 00524nam a2200205 a 4500 | ||
|---|---|---|---|
| 001 | BRCA_6102 | ||
| 005 | 20190320205332.0 | ||
| 008 | 220611s1899----fr-#######---#000-0#fre-# | ||
| 041 | _afre | ||
| 044 | _afr | ||
| 050 | 4 |
_aPQ2169 _b.R33 _c1899 |
|
| 100 | 1 |
_aBalzac, Honore de _d1799-1850 _915424 |
|
| 245 | 1 | 0 |
_aLa recherche de l´absolu _cHonore de Balzac |
| 260 |
_aParís _bCalmann-Levy _c1899 |
||
| 300 |
_a255 p. _c18 cm. |
||
| 500 | _aI26 | ||
| 650 | 1 | 4 |
_aLiteratura Francesa. _915425 |
| 902 | _aGFM | ||
| 942 |
_2lcc _cB |
||
| 999 |
_c5789 _d5789 |
||